| 000 | 01435cam a2200361 a 4500 | ||
|---|---|---|---|
| 001 | 673836 | ||
| 005 | 20240818092913.0 | ||
| 008 | 951106s1997 enka b 001 0 eng | ||
| 010 | _a95050008 | ||
| 020 | _a0521495024 (hc) | ||
| 020 | _a0521058244 | ||
| 020 | _a9780521495028 (hardback) | ||
| 020 | _a9780521058247 (paperback) | ||
| 040 |
_aDLC _cDLC _dDLC |
||
| 050 | 0 | 0 |
_aQA402.3 _b.J87 1997 |
| 082 | 0 | 0 |
_a515.64 _220 _bJUR |
| 100 | 1 |
_aJurdjevic, Velimir. _93543 |
|
| 245 | 1 | 0 |
_aGeometric Control Theory / _cVelimir Jurdjevic. |
| 260 |
_aCambridge ; _aNew York, NY, USA : _bCambridge University Press, _cc1997. |
||
| 300 |
_axviii, 492 p. : _bill. ; _c24 cm. |
||
| 440 | 0 |
_aCambridge studies in advanced mathematics ; _v52 _93544 |
|
| 504 | _aIncludes bibliographical references (p. 483-487) and index. | ||
| 650 | 0 |
_aControl theory _xCongresses. _93545 |
|
| 650 | 0 |
_aGeometry, Differential _xCongresses. _93546 |
|
| 650 | 0 |
_aExterior differential systems _xCongresses. _93547 |
|
| 856 | 4 | 2 |
_3Publisher description _uhttp://www.loc.gov/catdir/description/cam027/95050008.html |
| 856 | 4 | 1 |
_3Table of contents _uhttp://www.loc.gov/catdir/toc/cam024/95050008.html |
| 942 |
_2ddc _cBB _hRDA-MOD |
||
| 999 |
_c11268 _d11268 |
||
| 336 |
_2rdacontent _atext _btxt |
||
| 337 |
_aunmediated _2rdamedia _bn |
||
| 338 |
_avolume _bnc _2rdacarrier |
||